000 00191 a2200097 4500
001 10468
100 _aBabington smith,C
245 _aAir spy
260 _a
_bHarper
_c
090 _c8088
_d8088
942 _aNUST-CAE
_cM
_c34809
999 _c245541
_d245541